Citizen participation in decision making :towards inclusive development in Kenya / (Record no. 2069)
| 000 -LEADER | |
|---|---|
| fixed length control field | 00968cam a2200277 i 4500 |
| 001 - CONTROL NUMBER | |
| control field | 17995504 |
| 003 - CONTROL NUMBER IDENTIFIER | |
| control field | OSt |
| 005 - DATE AND TIME OF LATEST TRANSACTION | |
| control field | 20160321115253.0 |
| 008 - FIXED-LENGTH DATA ELEMENTS--GENERAL INFORMATION | |
| fixed length control field | 140113s2013 ke a b 000 0 eng |
| 010 ## - LIBRARY OF CONGRESS CONTROL NUMBER | |
| LC control number | 2013441425 |
| 020 ## - INTERNATIONAL STANDARD BOOK NUMBER | |
| International Standard Book Number | 9789966028433 |
| 040 ## - CATALOGING SOURCE | |
| Original cataloging agency | DLC |
| Language of cataloging | eng |
| Transcribing agency | DLC |
| Description conventions | rda |
| Modifying agency | DLC |
| 042 ## - AUTHENTICATION CODE | |
| Authentication code | lcode |
| -- | pcc |
| 043 ## - GEOGRAPHIC AREA CODE | |
| Geographic area code | f-ke--- |
| 050 00 - LIBRARY OF CONGRESS CALL NUMBER | |
| Classification number | JQ2947.C56 2013 |
| 245 00 - TITLE STATEMENT | |
| Title | Citizen participation in decision making :towards inclusive development in Kenya / |
| Statement of responsibility, etc | edited by Kimani Njogu. |
| 260 ## - PUBLICATION, DISTRIBUTION, ETC. (IMPRINT) | |
| Place of publication, distribution, etc | Nairobi |
| Name of publisher, distributor, etc | Twaweza Communications LTD |
| Date of publication, distribution, etc | 2013 |
| 300 ## - PHYSICAL DESCRIPTION | |
| Extent | xvi, 232 pages : |
| Other physical details | illustrations ; |
| Dimensions | 21 cm |
| 504 ## - BIBLIOGRAPHY, ETC. NOTE | |
| Bibliography, etc | Includes bibliographical references. |
| 650 #0 - SUBJECT ADDED ENTRY--TOPICAL TERM | |
| Topical term or geographic name as entry element | Political participation |
| Geographic subdivision | Kenya. |
| 700 1# - ADDED ENTRY--PERSONAL NAME | |
| Personal name | Njogu, Kimani, |
| Relator term | editor. |
| 856 41 - ELECTRONIC LOCATION AND ACCESS | |
| Materials specified | Table of contents only |
| Uniform Resource Identifier | <a href="http://www.loc.gov/catdir/toc/fy16pdf01/2013441425.html">http://www.loc.gov/catdir/toc/fy16pdf01/2013441425.html</a> |
| 906 ## - LOCAL DATA ELEMENT F, LDF (RLIN) | |
| a | 7 |
| b | cbc |
| c | origode |
| d | 3 |
| e | ncip |
| f | 20 |
| g | y-gencatlg |
| 942 ## - ADDED ENTRY ELEMENTS (KOHA) | |
| Source of classification or shelving scheme | |
| Koha item type | Book |
| Withdrawn status | Lost status | Source of classification or shelving scheme | Damaged status | Not for loan | Home library | Current library | Shelving location | Date acquired | Total Checkouts | Full call number | Barcode | Date last seen | Copy number | Price effective from | Koha item type | Date checked out |
|---|---|---|---|---|---|---|---|---|---|---|---|---|---|---|---|---|
| Riara University Library | Riara University Library | General stack | 21/03/2016 | JQ2947.C56 2013 | 6618/16 | 21/03/2016 | C.1 | 21/03/2016 | Book | |||||||
| Riara University Library | Riara University Library | General stack | 21/03/2016 | 1 | JQ2947.C56 2013 | 6619/16 | 13/04/2018 | C.2 | 21/03/2016 | Book | 05/04/2018 | |||||
| Riara University Library | Riara University Library | General stack | 21/03/2016 | JQ2947.C56 2013 | 6620/16 | 21/03/2016 | C.3 | 21/03/2016 | Book |
